书目信息 |
| 题名: |
现实主义经济学之路
|
|
| 作者: | 阿克洛夫 著 ;李彬 译 | |
| 分册: | ||
| 出版信息: | 北京 中国人民大学出版社 2012 |
|
| 页数: | 525页 | |
| 开本: | 24cm | |
| 丛书名: | 当代世界学术名著 | |
| 单 册: | ||
| 中图分类: | F019.3-53 | |
| 科图分类: | ||
| 主题词: | 实证经济学--文集 , 实证经济学 | |
| 电子资源: | ||
| ISBN: | 978-7-300-14425-2 | |
| 000 | 01176oam2 2200301 450 | |
| 001 | 5 | |
| 005 | 20140908150715.93 | |
| 010 | @a978-7-300-14425-2@dCNY69.00 | |
| 100 | @a20121018d2012 em y0chiy50 ea | |
| 101 | 1 | @achi@ceng |
| 102 | @aCN@b110000 | |
| 105 | @ay z 000yy | |
| 106 | @ar | |
| 200 | 1 | @a现实主义经济学之路@dExplorations in pragmatic economics selected papers of george a akerlof and co-authors@f(美)乔治·A. 阿克洛夫(George A. Akerlof)等著@g李彬译@zeng |
| 210 | @a北京@c中国人民大学出版社@d2012 | |
| 215 | @a525页@d24cm | |
| 225 | 2 | @a当代世界学术名著 |
| 305 | @a牛津大学出版社授权出版 | |
| 330 | @a本书集划分为两个领域——微观经济学和宏观经济学,涵盖了信息经济学、失业理论、宏观经济均衡、货币需求、心理学与经济学、歧视的性质以及对其他社会问题的研究。 | |
| 461 | 0 | @1001012002072073 |
| 510 | 1 | @aExplorations in pragmatic economics selected papers of george a akerlof and co-authors@zeng |
| 606 | 0 | @a实证经济学@j文集 |
| 606 | 0 | @a实证经济学 |
| 690 | @aF019.3-53@v5 | |
| 701 | 0 | @c(美)@a阿克洛夫@c(Akerlof, George A.@f1940~)@4著 |
| 702 | 0 | @a李彬@f(1978~)@4译 |
| 801 | 0 | @aCN@bTANGWEI@c20140603 |
| 905 | @b0843148-50@dF019.3-53@e467@f3 | |
| 现实主义经济学之路=Explorations in pragmatic economics selected papers of george a akerlof and co-authors/(美)乔治·A. 阿克洛夫(George A. Akerlof)等著/李彬译.-北京:中国人民大学出版社,2012 |
| 525页;24cm.-(当代世界学术名著) |
| ISBN 978-7-300-14425-2:CNY69.00 |
| 本书集划分为两个领域——微观经济学和宏观经济学,涵盖了信息经济学、失业理论、宏观经济均衡、货币需求、心理学与经济学、歧视的性质以及对其他社会问题的研究。 |
| ● |
| 相关链接 |
|
|
|
|
正题名:现实主义经济学之路
索取号:F019.3-53/467
 
预约/预借
| 序号 | 登录号 | 条形码 | 馆藏地/架位号 | 状态 | 备注 |
| 1 | 0843148 | 208431482 | 第一样本阅览室/ [索取号:F019.3-53/467] | 在馆 | |
| 2 | 0843149 | 208431491 | 密集书库-海洋学院/ [索取号:F019.3-53/467] | 在馆 | |
| 3 | 0843150 | 208431507 | 第一借阅区/ [索取号:F019.3-53/467] | 在馆 |